Misteri pintu rahsia

Bibliographic Details
Main Author: Mahfuz Aiman
Corporate Author: Title
Format: Book
Published: Kuala Lumpur : Penerbitan Fargoes , 2002
Series:Siri Hadi
Subjects:

MARC

LEADER 00000cam a2200000 7i4500
001 0000002707
005 20151222.0
008 070713
020 |a 9831513819 
090 0 0 |a JF   |b AD MAL (3557) 
100 0 |a Mahfuz Aiman 
245 1 0 |a Misteri pintu rahsia   |c Mahfuz Aiman 
260 |a Kuala Lumpur :   |b Penerbitan Fargoes ,   |c 2002 
440 0 |a Siri Hadi 
500 |a Children ages 7-9 years old (orange) 
650 0 |a Detective and mystery stories, Malay 
650 0 |a Malay fiction 
710 0 |a Title 
999 |a 0000437419   |b Book   |c Children Collection   |e Cawangan Taman Universiti 
999 |a 0000968629   |b Book   |c Children Collection   |e Perbadanan Perpustakaan Awam Johor 
999 |a 0000968630   |b Book   |c Children Collection   |e Perbadanan Perpustakaan Awam Johor 
999 |a 0000968631   |b Book   |c Children Collection   |e Cawangan Batu Pahat 
999 |a 0000968632   |b Book   |c Children Collection   |e Cawangan Batu Pahat